|
|
|
|
| LEADER |
00000nab a2200000uu 4500 |
| 001 |
vtls011138392 |
| 003 |
SK-MaSNL |
| 005 |
20260303131445.0 |
| 008 |
230218|2002 xo |||||||||||||||||cze| |
| 015 |
|
|
|a SNBRB
|
| 035 |
|
|
|a (urnnbn)urn:nbn:sk:snk:ar-007vby
|
| 035 |
|
|
|a (uuid)4fe67c9b-c3e9-4814-be12-3096a810e3f9
|
| 035 |
|
|
|a urn:nbn:sk:snk-abaqsp
|
| 040 |
|
|
|a SNKBUCL
|b slo
|c SNKBUCL
|e AACR2
|
| 041 |
0 |
|
|a cze
|
| 044 |
|
|
|a xo
|c SK
|
| 100 |
1 |
|
|a Ondruš, J.
|4 aut
|9 1148175
|
| 245 |
1 |
0 |
|a Poporodní paréza plexus brachialis
|c J. Ondruš
|
| 773 |
0 |
|
|t Československá pediatrie : časopis Pediatrické společnosti časopis Československé pediatrické společnosti, sekce Československé lékařské společnosti J.E. Purkyně ; časopis České a Slovenské pediatrické společnosti
|g Roč. 57, č. 4 (2002), s. 166-167
|
| 954 |
|
|
|a odborná, vedecká literatúra cudzojazyčná (svetová)
|2 lita
|
| 958 |
|
|
|a OND
|
| 958 |
|
|
|a EUIPO
|
| 958 |
|
|
|a article14
|
| 999 |
|
|
|c 1945446
|d 1947376
|